name NCT DREAM members - Statistics

General Stats
  • This quiz has been taken 261 times
    255 since last reset
  • The average score is 8 of 9
Answer Stats
Hint Answer % Correct
part of NCT 127. Graduated from the group. Eldest member Mark
100%
Chinese maknae Chenle
98%
part of NCT 127 Haechan
98%
Korean maknae Jisung
97%
Leader now a part of NCT U Jeno
96%
2nd oldest member Renjun
96%
now a part of NCT U Jaemin
95%
New member Shotaro
68%
2nd new member Sungchan
67%
No matching quizzes found
Score Distribution
Percent of People with Each Score
Percentile by Number Answered
Your Score History
You have not taken this quiz since the last reset